000 00427nam a2200181Ia 4500
001 10802
005 20260306161859.0
008 260306t1972||||xx |||||||||||||| ||spa||
041 _aESP
082 _a970
_bC69
100 _aClementi, Hebe
_eAUT
245 0 _aFormación de la conciencia americana
260 _c1972
300 _a196 páginas :
_c19 cm.
650 _aGEN
654 _aCHU
942 _cLIB
_dJUS
_fJUS
_2ddc
_n
999 _c10802
_d10802